| 000 | 00878cam a22002893a 4500 | ||
|---|---|---|---|
| 001 | 23060 | ||
| 003 | PGUSA | ||
| 005 | 20140828083506.0 | ||
| 008 | 071017s2007||||xxu|||||s|||||000 1 eng d | ||
| 040 |
_aPGUSA _beng |
||
| 042 | _adc | ||
| 050 | 4 | _aPQ | |
| 100 | 1 |
_aBalzac, Honoré de, _d1799-1850 |
|
| 245 | 1 | 4 |
_aThe Unknown Masterpiece : _b1845 _h[electronic resource] / _cHonoré de Balzac |
| 260 |
_bProject Gutenberg, _c2007 |
||
| 506 | _aPublic domain in the USA. | ||
| 516 | _aElectronic text | ||
| 653 | _aFrance -- Fiction | ||
| 653 | _aBiographical fiction | ||
| 653 | _aPainters -- Fiction | ||
| 653 | _aFrench fiction -- Translations into English | ||
| 653 | _aPoussin, Nicolas, 1594?-1665 -- Fiction | ||
| 740 | 0 | _aChef d'oeuvre inconnu. English | |
| 830 | 0 |
_aProject Gutenberg _v23060 |
|
| 856 | 4 | 0 | _uhttp://www.gutenberg.org/ebooks/23060 |
| 942 | _cEB | ||
| 999 |
_c252315 _d252315 |
||